Who'sWho in the world 1980-1981
Spremljeno u:
| Format: | Knjiga |
|---|---|
| Jezik: | Undetermined |
| Izdano: |
Chicago
Marquis Who'sWho
1980
|
| Teme: | |
| Oznake: |
Dodaj oznaku
Bez oznaka, Budi prvi tko označuje ovaj zapis!
|
| Thư viện lưu trữ: | Trung tâm Học liệu Trường Đại học Cần Thơ |
|---|
| LEADER | 00482nam a2200169Ia 4500 | ||
|---|---|---|---|
| 001 | CTU_104723 | ||
| 008 | 210402s9999 xx 000 0 und d | ||
| 082 | |a 920 | ||
| 082 | |b W628/1981 | ||
| 245 | 0 | |a Who'sWho in the world 1980-1981 | |
| 260 | |a Chicago | ||
| 260 | |b Marquis Who'sWho | ||
| 260 | |c 1980 | ||
| 650 | |a Celebrities,Danh nhân thế giới | ||
| 650 | |x Biography,Tiểu sử | ||
| 904 | |i Tuyến | ||
| 980 | |a Trung tâm Học liệu Trường Đại học Cần Thơ | ||